| 000 | 01008pam a2200301 a 4500 | ||
|---|---|---|---|
| 001 | 3855318 | ||
| 003 | OSt | ||
| 005 | 20240704144332.0 | ||
| 008 | 880412s1990 nyua b 001 0 eng | ||
| 010 | _a 88012530 | ||
| 020 |
_a0195055284 (alk. paper) : _c$24.95 |
||
| 040 | _cmust | ||
| 050 | 0 | 0 |
_aQB981 _b.L333 1990 |
| 082 | 0 | 0 |
_a116 LAY 1990 _219 |
| 100 | 1 |
_aLayzer, David. _918455 |
|
| 245 | 1 | 0 |
_aCosmogenesis : _bthe growth of order in the universe / _cDavid Layzer. |
| 260 |
_aNew York : _bOxford University Press, _c1990. |
||
| 300 |
_aix, 322 p. : _bill. ; _c25 cm. |
||
| 500 | _aIncludes index. | ||
| 504 | _aBibliography: p. [309]-316. | ||
| 650 | 0 |
_aCosmology. _93606 |
|
| 650 | 0 |
_aEvolution. _98680 |
|
| 650 | 0 |
_aScience _xPhilosophy. _93588 |
|
| 856 | 4 | 2 |
_3Contributor biographical information _uhttp://www.loc.gov/catdir/enhancements/fy0723/88012530-b.html |
| 906 |
_a7 _bcbc _corignew _d1 _eocip _f19 _gy-gencatlg |
||
| 942 |
_2ddc _cO_SHELF |
||
| 999 |
_c9071 _d9071 |
||